Světové trendy ve využití obnovitelných zdrojů energie 3

Gespeichert in:
Bibliographische Detailangaben
1. Verfasser: Dušek, Karel
Format: Buch
Sprache:Tschechisch
Veröffentlicht: Praha Ústředí vědeckých, technických a ekonomických informací 1989
Tags: Tag hinzufügen
Keine Tags, Fügen Sie das erste Tag hinzu!

MARC

LEADER 00000nam a2200000 4500
001 c036238
005 20251204105130.1
041 0 |a cze 
044 |a CZ 
245 1 0 |a Světové trendy ve využití obnovitelných zdrojů energie 3  |c Karel Dušek 
264 1 |a Praha  |b Ústředí vědeckých, technických a ekonomických informací  |c 1989 
300 |a 49 s. 
100 1 |a Dušek, Karel